Las estafas. Delito informático, delitos concursales y del delito de giro doloso de cheques. Doctrina, jurisprudencia y Derecho comparado

Saved in:
Bibliographic Details
Main Author: Silva Silva, Hernán Octavio (Author)
Format: Book
Language:Spanish
Published: Santiago, Chile Jurídica de Chile 2017
Edition:Cuarta edición
Subjects:
Tags: Add Tag
No Tags, Be the first to tag this record!

MARC

LEADER 00000cam a2200000 a 4500
001 UCC8005
003 CL-VaPUC
005 20210903074422.0
008 190524e20170000cl |||||||||||||||||spa|d
999 |c 374464  |d 374462 
020 |a 9789561024519 
040 |c Pontificia Universidad Católica de Valparaíso 
082 0 4 |a 364.163 SIL 2017  |2 21 
100 0 |a Silva Silva, Hernán Octavio  |e author  |9 602713 
245 1 4 |a Las estafas.  |b Delito informático, delitos concursales y del delito de giro doloso de cheques. Doctrina, jurisprudencia y Derecho comparado 
250 |a Cuarta edición   |b actualizada, corregida y aumentada  
260 |a Santiago, Chile  |b Jurídica de Chile  |c 2017 
300 |a 705 páginas 
583 |a last modification  |c 20190524 12:30:00  |k Rodrigo Vera 
650 0 |a Estafa  |9 258622 
650 7 |a FRAUDE  |2 CL-VaPUC  |9 258623 
650 0 |a Delitos  |9 224143 
650 0 |a Derecho procesal penal   |9 256392 
650 0 |a Jurisprudencia  |9 255952 
852 |a BIBDER 
942 |c BK  |2 ddc 
945 |d 20190524 12:30:00  |a dcastane 
952 |0 0  |1 0  |3 erb  |4 0  |6 364_163000000000000_SIL_2017  |7 0  |8 A  |9 493001  |a BIBDER  |b BIBDER  |d 2019-05-10  |e 22  |g 45500.00  |i 5549876  |l 2  |o 364.163 SIL 2017  |p 5549876  |r 2025-04-14  |s 2025-04-10  |v 45500.00  |w 2019-11-24  |y BK  |z Catalogado en:20190524  |k DER